Estudio de factibilidad para control de erosión hídrica en terraplenes de la usina termoeléctrica Comandante Luis Piedra Buena : informe final /

Guardado en:
Autor Principal: Silenzi, Juan Carlos.
Formato: Libro
Idioma:Spanish
Publicado: Bahía Blanca, 1991.
Etiquetas: Agregar Etiqueta
Sin Etiquetas, Sea el primero en etiquetar este registro!
LEADER 00547nam a22001455a 4500
001 EEA.libagro005185
005 20181001122152.0
008 130809s1991####ag#a##########000#0#spa#d
082 0 4 |a 551.3 
082 0 4 |a 551.352 
100 1 |a Silenzi, Juan Carlos. 
245 1 0 |a Estudio de factibilidad para control de erosión hídrica en terraplenes de la usina termoeléctrica Comandante Luis Piedra Buena :  |b informe final /  |c Juan C. Silenzi. 
260 |a Bahía Blanca,  |c 1991. 
300 |a 50 h. :  |b il. ;  |c 28 cm. 
859 |a AR-BbBCA  |b BIB. AGRONOMIA  |h 551.3  |i S113  |p 1995/2456